| 000 | 00000nam 2200000zi 4500 |
| 001 | 9.946148 |
| 003 | CaOODSP |
| 005 | 20250121091643 |
| 006 | m o d f |
| 007 | cr |n||||||||| |
| 008 | 241213t19771977onca obi f|0| 0 eng d |
| 040 | |aCaOODSP|beng|erda|cCaOODSP |
| 043 | |an-cn--- |
| 086 | 1 |aNR24-77/1977E-PDF |
| 086 | 1 |aNR24-28/1977-5E-PDF |
| 245 | 00|aBuilding standards for the handicapped 1977 : |bsupplement no. 5 to the National Building Code of Canada. |
| 250 | |aFourth edition 1977. |
| 264 | 1|aOttawa : |bNational Research Council of Canada, Associate Committee on the National Building Code, |c1977. |
| 264 | 4|c©1977 |
| 300 | |a1 online resource (vii, 23 pages) : |billustrations |
| 336 | |atext|btxt|2rdacontent |
| 337 | |acomputer|bc|2rdamedia |
| 338 | |aonline resource|bcr|2rdacarrier |
| 500 | |aIssued also in French under title: Normes de construction pour les handicapés 1977 : supplément no. 5 du Code national du bâtiment du Canada. |
| 500 | |aDigitized edition from print [produced by National Research Council of Canada]. |
| 500 | |a"NRCC No. 15559." |
| 504 | |aIncludes bibliographical references (page 9) and index. |
| 650 | 0|aBarrier-free design|xLaw and legislation|zCanada. |
| 650 | 0|aBuildings|xStandards|zCanada. |
| 650 | 0|aStandards, Engineering|zCanada. |
| 710 | 2 |aNational Research Council of Canada. |bAssociate Committee on the National Building Code, |eissuing body. |
| 775 | 08|tNormes de construction pour les handicapés 1977 : |w(CaOODSP)9.946150 |
| 794 | |tBuilding standards for the handicapped 1980.|b1980 edition|w(CaOODSP)9.895179 |
| 795 | |tBuilding standards for the handicapped 1975 : |b1975 edition|w(CaOODSP)9.946145 |
| 856 | 40|qPDF|s687 KB|uhttps://publications.gc.ca/collections/collection_2024/cnrc-nrc/NR24-77-1977-eng.pdf |